000 01595nam a2200457 c 4500
001 52703
003 ES-MaCES
005 20250203133353.0
007 cr |||||||||||
008 230414s2022 sp 000 ||spa d
017 _aNA 2300-2022
_bDL
020 _a9788411246064
020 _a9788411246088 (electrónico)
040 _aES-MaCES
_bspa
_cES-MaCES
245 0 0 _aAbandono escolar temprano
_b: perspectivas jurídica y comparada
_cLeonor Moral Soriano, coord.
250 _a1ª ed
260 _aCizur Menor (Navarra)
_bAranzadi-Thomson Reuters
_c2022
300 _a156 p.
_c24 cm
490 1 _aEstudios
500 _aPublicación en formato DÚO (papel + libro ectrónico). Disponible en formato electrónico mediante la aplicación PROVIEW
504 _aBibliografía: p. 155-156
541 _cCompra
650 4 _adeserción escolar
_927401
650 4 _aestudiante
_927441
650 4 _aabandono de estudios
_927437
650 4 _aevaluación del impacto
_930732
650 4 _aempleo precario
_930171
650 4 _aexclusión social
_930629
650 4 _apolítica educativa
_927373
650 4 _areforma educativa
_927374
650 4 _aEspaña
_926964
650 4 _aAndalucia
_930791
650 4 _aPortugal
_926960
650 4 _acomparación
_928892
653 1 0 _aEducación
700 1 _940651
_aMoral Soriano, Leonor
_ecol.
830 0 _aEstudios (Thomson Reuters-Aranzadi)
_934937
856 4 _uhttps://miespacio.aranzadilaley.es/Account/Login
_yLegalteca
902 _aLIB Libro
942 _2CES
_cBK
_h4.0.
999 _c52703
_d52703